Statistics for Countries and their smallest neighbors

Click here to take the quiz!

General Stats

  • This quiz has been taken 22 times
    (9 since last reset)
  • The average score is 145 of 157

Answer Stats

HintAnswer% Correct
PakistanAfghanistan
100%
SpainAndorra
100%
UruguayArgentina
100%
ArmeniaAzerbaijan
100%
Luxembourg | NetherlandsBelgium
100%
MexicoBelize
100%
China | IndiaBhutan
100%
Chile | ParaguayBolivia
100%
MongoliaChina
100%
HaitiDominican Republic
100%
PeruEcuador
100%
Latvia | RussiaEstonia
100%
Norway | SwedenFinland
100%
MonacoFrance
100%
DenmarkGermany
100%
Belize | El SalvadorGuatemala
100%
Suriname | VenezuelaGuyana
100%
Dominican RepublicHaiti
100%
Bhutan | NepalIndia
100%
Papua New Guinea | Timor-LesteIndonesia
100%
United KingdomIreland
100%
Lebanon | PalestineIsrael
100%
San Marino | Vatican CityItaly
100%
Albania | Montenegro | North Macedonia | SerbiaKosovo
100%
Kazakhstan | TajikistanKyrgyzstan
100%
CambodiaLaos
100%
Belarus | Estonia | LithuaniaLatvia
100%
Austria | SwitzerlandLiechtenstein
100%
Belgium | GermanyLuxembourg
100%
BruneiMalaysia
100%
United StatesMexico
100%
Romania | UkraineMoldova
100%
FranceMonaco
100%
South KoreaNorth Korea
100%
FinlandNorway
100%
United Arab Emirates | YemenOman
100%
BoliviaParaguay
100%
MoldovaRomania
100%
Croatia | HungarySlovenia
100%
North KoreaSouth Korea
100%
Andorra | Morocco | PortugalSpain
100%
GuyanaSuriname
100%
LiechtensteinSwitzerland
100%
Afghanistan | Kyrgyzstan | UzbekistanTajikistan
100%
IrelandUnited Kingdom
100%
Argentina | BrazilUruguay
100%
ItalyVatican City
100%
Azerbaijan | Georgia | Iran | TurkeyArmenia
89%
SlovakiaAustria
89%
MyanmarBangladesh
89%
Niger | Nigeria | TogoBenin
89%
MalaysiaBrunei
89%
RwandaBurundi
89%
Laos | Thailand | VietnamCambodia
89%
EcuadorColombia
89%
Nicaragua | PanamaCosta Rica
89%
SloveniaCroatia
89%
CanadaDenmark
89%
Eritrea | Ethiopia | SomaliaDjibouti
89%
Guatemala | HondurasEl Salvador
89%
Cameroon | GabonEquatorial Guinea
89%
Djibouti | SudanEritrea
89%
Mozambique | South AfricaEswatini
89%
SenegalGambia
89%
MaliGuinea
89%
GuineaGuinea-Bissau
89%
KuwaitIraq
89%
IraqKuwait
89%
Ivory Coast | Sierra LeoneLiberia
89%
Bosnia and Herzegovina | KosovoMontenegro
89%
BangladeshMyanmar
89%
Bulgaria | GreeceNorth Macedonia
89%
Colombia | Costa RicaPanama
89%
Saudi ArabiaQatar
89%
Burundi | DR Congo | Tanzania | UgandaRwanda
89%
QatarSaudi Arabia
89%
LiberiaSierra Leone
89%
Czechia | PolandSlovakia
89%
IndonesiaTimor-Leste
89%
Benin | Burkina Faso | GhanaTogo
89%
Kenya | South SudanUganda
89%
OmanUnited Arab Emirates
89%
TurkmenistanUzbekistan
89%
MalawiZambia
89%
Namibia | ZimbabweBotswana
78%
Angola | Central African RepublicCongo
78%
Congo | Equatorial GuineaGabon
78%
SyriaLebanon
78%
TunisiaLibya
78%
Egypt | Israel | JordanPalestine
78%
Gambia | Guinea-Bissau | MauritaniaSenegal
78%
LesothoSouth Africa
78%
Algeria | LibyaTunisia
78%
BotswanaZimbabwe
78%
ChadCameroon
67%
ZambiaMalawi
67%
EswatiniMozambique
67%

Score Distribution

Percentile by Number Answered

Percent of People with Each Score

Your Score History

You have not taken this quiz since the last reset